| 000 | 00360nam a2200133Ia 4500 | ||
|---|---|---|---|
| 008 | 220217s9999||||xx |||||||||||||| ||und|| | ||
| 020 | _a81-7722-271-6 | ||
| 082 | _a006.6 MIL | ||
| 100 |
_aMilburn, Ken _92843 |
||
| 245 | 0 | _aPhtoshop 7 : virtual class room training kit | |
| 260 |
_aDream tech _bNew Delhi _c2002 |
||
| 300 | _b399 | ||
| 650 | _aMULTIMEDIA | ||
| 999 |
_c170115 _d170115 |
||